Language Quiz

Random Language Quiz

Long a sounds Quiz Stats

 Plays Quiz not verified by Sporcle

Score 0/10 Timer 15:00
0 Plays Today
% Correct
age
100%
ape
100%
page
100%
late
100%
mane
100%
jail
97.1%
plate
97.1%
tape
94.3%
shapes
94.3%
name
91.4%

You're not logged in!

Compare scores with friends on all Sporcle quizzes.
OR
Log In

Show Comments

Extras

Created Oct 28, 2010ReportNominate
Tags:long, sound

Top Quizzes Today


Score Distribution

Your Account Isn't Verified!

In order to create a playlist on Sporcle, you need to verify the email address you used during registration. Go to your Sporcle Settings to finish the process.

Report this User

Report this user for behavior that violates our Community Guidelines.

Details: